| 000 | 00541nam a2200157 4500 | ||
|---|---|---|---|
| 001 | 123234 | ||
| 003 | ES-MaACL | ||
| 005 | 20230906192133.0 | ||
| 007 | t| | ||
| 008 | 070214s1935 sp r ||||0| spa d | ||
| 100 | 1 |
_aQuerol y Roso, Luis. _994552 |
|
| 245 | 1 | 4 |
_aLas milicias valencianas desde el siglo XIII al XV _b: contribución al estudio de la organización militar del antiguo Reino de Valencia / _cLuis Querol y Roso. |
| 260 |
_aCastellón de la Plana : _bMialfo, _c1935. |
||
| 300 |
_a235 p ; _c21 cm. |
||
| 852 |
_aES-MaACL _jA-3553 |
||
| 999 |
_c123234 _d123234 |
||